Constitution of the Republic of Nicaragua, 1950. (Record no. 51422)

MARC details
000 -LEADER
fixed length control field 00812cam a22002651 4500
001 - CONTROL NUMBER
control field pa 60000019
003 - CONTROL NUMBER IDENTIFIER
control field DLC
005 - DATE AND TIME OF LATEST TRANSACTION
control field 20260227111855.0
008 - FIXED-LENGTH DATA ELEMENTS--GENERAL INFORMATION
fixed length control field 770428s1960 dcu f000 0 eng c
010 ## - LIBRARY OF CONGRESS CONTROL NUMBER
LC control number pa 60000019
035 ## - SYSTEM CONTROL NUMBER
System control number (OCoLC)2923991
040 ## - CATALOGING SOURCE
Original cataloging agency Pan American Union
Transcribing agency FU-L
Modifying agency CLU
-- DLC
042 ## - AUTHENTICATION CODE
Authentication code premarc
050 00 - LIBRARY OF CONGRESS CALL NUMBER
Classification number LAW <Central America Nicaragua 1 Const. 1960>
082 04 - DEWEY DECIMAL CLASSIFICATION NUMBER
Classification number 342.728501
110 1# - MAIN ENTRY--CORPORATE NAME
Corporate name or jurisdiction name as entry element Nicaragua.
240 10 - UNIFORM TITLE
Uniform title Constitución (1950)
245 00 - TITLE STATEMENT
Title Constitution of the Republic of Nicaragua, 1950.
250 ## - EDITION STATEMENT
Edition statement Rev. ed.
260 ## - PUBLICATION, DISTRIBUTION, ETC.
Place of publication, distribution, etc. Washington,
Name of publisher, distributor, etc. Pan American Union,
Date of publication, distribution, etc. 1960.
300 ## - PHYSICAL DESCRIPTION
Extent 65 p.
Dimensions 28 cm.
490 0# - SERIES STATEMENT
Series statement Pan American Union. General Legal Division. [Constitution series]
651 #0 - SUBJECT ADDED ENTRY--GEOGRAPHIC NAME
Geographic name Nicaragua
General subdivision Constitution.
650 #0 - SUBJECT ADDED ENTRY--TOPICAL TERM
Topical term or geographic name entry element Constitutional law
Geographic subdivision Nicaragua.

No items available.

Powered by Koha